书目信息 |
| 题名: |
锁五龙 十
|
|
| 作者: | 陈荫荣 著 | |
| 分册: | ||
| 出版信息: | 北京 中国曲艺出版社 1983.8 |
|
| 页数: | 186页 | |
| 开本: | 20cm | |
| 丛书名: | ||
| 单 册: | ||
| 中图分类: | I239.8 | |
| 科图分类: | ||
| 主题词: | 戏剧文学--剧本--中国 | |
| 电子资源: | ||
| ISBN: | ||
| 000 | 00544nam0 2200193 45 | |
| 001 | 0312221749 | |
| 005 | 20031222170805.8 | |
| 010 | @dCNY0.48 | |
| 100 | @a20031222d1983 km y0chiy0120 ea | |
| 101 | @achi | |
| 105 | @a z 000yy | |
| 200 | 1 | @a锁五龙 十@ASuo Wu Long Shi@f陈荫荣著@FChen Yin Rong Zhu |
| 210 | @a北京@c中国曲艺出版社@d1983.8 | |
| 215 | @a186页@d20cm | |
| 606 | 0 | @a戏剧文学@x剧本@x中国 |
| 690 | @aI239.8@v3 | |
| 701 | 0 | @a陈荫荣@4著 |
| 801 | @aCN@bTSTCL@c20031222 | |
| 905 | @a213230@dI239.8@e12:10@b98006-015@f10@b144020-024@f5 | |
| 锁五龙 十/陈荫荣著.-北京:中国曲艺出版社,1983.8 |
| 186页;20cm |
| ISBN :CNY0.48 |
| ● |
| 相关链接 |
|
|
|
|
正题名:锁五龙 十
索取号:I239.8/12:10
 
预约/预借
| 序号 | 登录号 | 条形码 | 馆藏地/架位号 | 状态 | 备注 |
| 1 | 0098006 | 000960810 | 密集书库/ [索取号:I239.8/12:10] | 在馆 | |
| 2 | 0098007 | 001596008 | 密集书库/ [索取号:I239.8/12:10] | 在馆 | |
| 3 | 0098008 | 001589445 | 密集书库/ [索取号:I239.8/12:10] | 在馆 | |
| 4 | 0098009 | 001595919 | 密集书库/ [索取号:I239.8/12:10] | 在馆 | |
| 5 | 0098010 | 000960794 | 密集书库/ [索取号:I239.8/12:10] | 在馆 | |
| 6 | 0098011 | 000960785 | 密集书库/ [索取号:I239.8/12:10] | 在馆 | |
| 7 | 0098012 | 000960838 | 第二借阅区/ [索取号:I239.8/12:10] | 在馆 | |
| 8 | 0098013 | 000960801 | 密集书库/ [索取号:I239.8/12:10] | 在馆 | |
| 9 | 0098014 | 000960829 | 密集书库/ [索取号:I239.8/12:10] | 在馆 | |
| 10 | 0098015 | 001589409 | 第一样本阅览室/ [索取号:I239.8/12:10] | 在馆 | |
| 11 | 0144020 | 000960847 | 密集书库/ [索取号:I239.8/12:10] | 在馆 | |
| 12 | 0144021 | 001589604 | 密集书库/ [索取号:I239.8/12:10] | 在馆 | |
| 13 | 0144022 | 000960865 | 密集书库/ [索取号:I239.8/12:10] | 在馆 | |
| 14 | 0144023 | 001589560 | 密集书库/ [索取号:I239.8/12:10] | 在馆 | |
| 15 | 0144024 | 000960856 | 密集书库/ [索取号:I239.8/12:10] | 在馆 |